Pays traversés par l'équateur - Statistiques

Statistiques générales
  • Ce quiz a été pris 34 fois
  • Le résultat moyen est 9 sur 13
Statistiques - réponses
Pays % Correct
Brésil
100%
Équateur
100%
Indonésie
94%
Colombie
87%
Gabon
81%
Kenya
81%
Ouganda
77%
Somalie
71%
République démocratique du Congo
68%
Maldives
48%
Sao-Tomé-et-Principes
39%
Kiribati
32%
République du Congo
29%
Aucun quiz correspondant
Distribution des résultats
% des personnes avec chaque résultat
Percentile par nombre de réponses
Votre historique - résultats
Vous n’avez pas pris ce quiz